Score 0/20 Timer 10:00
0 Plays Today
Mentions Answer % Correct
1594Daenerys Targaryen
98.7%
2932Tyrion Lannister
96.8%
523Jorah Mormont
95.1%
560Barristan Selmy
89.9%
1767Arya Stark
89.4%
267Hizdahr zo Loraq
86.4%
99Missandei
85%
179Daario Naharis
83.7%
131Irri
83%
116Jhiqui
77.7%
Mentions Answer % Correct
107Reznak mo Reznak
74.9%
145Skahaz mo Kandaq
74.5%
204Illyrio Mopatis
71%
133Penny
67.6%
140Strong Belwas
65.1%
107Xaro Xhoan Daxos
61.4%
271Victarion Greyjoy
58.3%
114Ben Plumm
55.9%
115Gerris Drinkwater
53.1%
85Jhogo
43.6%
Remove Ads.
Support Sporcle.
Get the best of Sporcle when you Go Orange. This ad-free experience offers more features, more stats, and more fun while also helping to support Sporcle. Thank you for becoming a member.

You're not logged in!

Compare scores with friends on all Sporcle quizzes.
OR
Log In

Sporcle TV

Today on Sporcle TV


Watch our educational content, quiz creation guides, and fun videos on Sporcle TV.

Show Comments

Extras

Top Quizzes Today


Score Distribution

Paid Content

Your Account Isn't Verified!

In order to create a playlist on Sporcle, you need to verify the email address you used during registration. Go to your Sporcle Settings to finish the process.

Report this User

Report this user for behavior that violates our Community Guidelines.

Details: